Могильник Боярский "Арай "Мазуринского типа в Удмуртском Прикамье (Запись № 13643949)

Подробности
000 -МАРКЕР
контрольное поле 01953nam0a2200337 4500
001 - ИДЕНТИФИКАТОР ЗАПИСИ
контрольное поле RU\NLR\BIBL_A\022727395
005 - ИДЕНТИФИКАТОР ВЕРСИИ
контрольное поле 20260326164533.0
010 ## - МЕЖДУНАРОДНЫЙ СТАНДАРТНЫЙ НОМЕР КНИГИ (ISBN)
Номер (ISBN) 978-5-4312-1309-0
Тираж 300
021 ## - НОМЕР ГОСУДАРСТВЕННОЙ РЕГИСТРАЦИИ
Код страны Российская Федерация
Номер КН-П-25-080301
Номер Листа государственной регистраци КН-П-25-7785
035 ## - ДРУГИЕ СИСТЕМНЫЕ НОМЕРА
Идентификатор записи (NLR Aleph) 022727395
100 ## - ДАННЫЕ ОБЩЕЙ ОБРАБОТКИ
Данные общей обработки 20260213d2025 k y0rusy50 ca
101 0# - ЯЗЫК РЕСУРСА
Язык текста, звукозаписи и т.д. русский
102 ## - СТРАНА ПУБЛИКАЦИИ ИЛИ ПРОИЗВОДСТВА
Страна публикации Российская Федерация
105 ## - ПОЛЕ КОДИРОВАННЫХ ДАННЫХ: ТЕКСТОВЫЕ МАТЕРИАЛЫ, МОНОГРАФИЧЕСКИЕ
Кодированные данные о монографическом текстовом документе abc|z|||000yy
181 #0 - ПОЛЕ КОДИРОВАННЫХ ДАННЫХ: ВИД СОДЕРЖАНИЯ
Код вида содержания (ISBD) i3
Код характеристики содержания (ISBD) axxe
182 #0 - ПОЛЕ КОДИРОВАННЫХ ДАННЫХ: ТИП СРЕДСТВА
Код типа средства (ISBD) n - непосредственное
200 1# - ЗАГЛАВИЕ И СВЕДЕНИЯ ОБ ОТВЕТСТВЕННОСТИ
Основное заглавие Могильник Боярский "Арай "Мазуринского типа в Удмуртском Прикамье
Сведения, относящиеся к заглавию монография
Первые сведения об ответственности Е. М. Черных, О. Ф. Хайруллина
Последующие сведения об ответственности при участии: Е. В. Голдиной, Т. Ю. Прокопьевой, А. В. Рассказовой, И. Г. Широбокова
-- Министерство науки и высшего образования Российской Федерации, ФГБОУ ВО "Удмуртский государственный университет", Институт истории и социологии
203 ## - ВИД СОДЕРЖАНИЯ И ТИП СРЕДСТВА
Вид содержания Текст
Дополнительные сведения об издании визуальный
Тип средства непосредственный
210 ## - ПУБЛИКАЦИЯ, РАСПРОСТРАНЕНИЕ И ДР.
Место издания, распространения и т.д. Ижевск
Имя издателя, распространителя и т. д. Удмуртский университет
Дата издания, распространения и т.д. 2025
215 ## - ФИЗИЧЕСКАЯ ХАРАКТЕРИСТИКА
Специфическое обозначение материала и объем 382, [1] с., [6] л. цв. ил., портр.
Другие сведения о физической характеристике ил., цв. ил., табл.
Размеры 29
225 1# - СЕРИЯ
Основное заглавие серии Материалы и исследования Камско-Вятской археологической экспедиции
Обозначение тома т. 34
320 ## - ПРИМЕЧАНИЯ О НАЛИЧИИ В ДОКУМЕНТЕ БИБЛИОГРАФИИ / УКАЗАТЕЛЯ
Текст примечания Библиогр. в конце гл.
607 ## - ГЕОГРАФИЧЕСКОЕ НАИМЕНОВАНИЕ КАК ПРЕДМЕТ
Географическое наименование Боярский (Арай) могильник (Прикамье)
Системный номер авторитетной/нормативной записи 2702729
Идентификатор авторитетной/нормативной записи RU\NLR\AUTH\6601768315
686 1# - ИНДЕКСЫ ДРУГИХ КЛАССИФИКАЦИЙ
Индекс Т4(2)273.26-431.1
700 #1 - ИМЯ ЛИЦА - ПЕРВИЧНАЯ ОТВЕТСТВЕННОСТЬ
Начальный элемент ввода Черных
Часть имени, кроме начального элемента ввода Е. М.
Расширение инициалов личного имени Елизавета Михайловна
701 #1 - ИМЯ ЛИЦА - АЛЬТЕРНАТИВНАЯ ОТВЕТСТВЕННОСТЬ
Начальный элемент ввода Хайруллина
Часть имени, кроме начального элемента ввода О. Ф.
Расширение инициалов личного имени Ольга Фаридовна
942 ## - ДОПОЛНИТЕЛЬНЫЕ ЭЛЕМЕНТЫ ЗАПИСИ (АБИС)
Тип экземпляра АБИС Книга
980 ## - КОЛЛЕКЦИЯ
Название коллекции Национальная библиография

Нет доступных экземпляров.